Counseling for marital happiness, (Record no. 73177)

MARC details
000 -LEADER
fixed length control field 00721cam a22002651 4500
001 - CONTROL NUMBER
control field sa 67002283
003 - CONTROL NUMBER IDENTIFIER
control field DLC
005 - DATE AND TIME OF LATEST TRANSACTION
control field 20260227112330.0
008 - FIXED-LENGTH DATA ELEMENTS--GENERAL INFORMATION
fixed length control field 730116s1966 xx 000 0 eng
010 ## - LIBRARY OF CONGRESS CONTROL NUMBER
LC control number sa 67002283
015 ## - NATIONAL BIBLIOGRAPHY NUMBER
National bibliography number GB67-15581
035 ## - SYSTEM CONTROL NUMBER
System control number (OCoLC)538627
040 ## - CATALOGING SOURCE
Original cataloging agency DLC
Transcribing agency OAU
Modifying agency Uk
-- DLC
042 ## - AUTHENTICATION CODE
Authentication code premarc
050 00 - LIBRARY OF CONGRESS CALL NUMBER
Classification number HQ669
Item number .F6
082 ## - DEWEY DECIMAL CLASSIFICATION NUMBER
Classification number 301.42/0954
100 1# - MAIN ENTRY--PERSONAL NAME
Personal name Fonseca, Mabel B.,
Dates associated with a name 1935-
245 10 - TITLE STATEMENT
Title Counseling for marital happiness,
Statement of responsibility, etc. by Mabel Fonseca.
260 ## - PUBLICATION, DISTRIBUTION, ETC.
Place of publication, distribution, etc. Bombay,
Name of publisher, distributor, etc. Manakatalas
Date of publication, distribution, etc. [1966]
300 ## - PHYSICAL DESCRIPTION
Extent xii, 291 p.
Dimensions 23 cm.
504 ## - BIBLIOGRAPHY, ETC. NOTE
Bibliography, etc. note Bibliography: p. 271-284.
650 #0 - SUBJECT ADDED ENTRY--TOPICAL TERM
Topical term or geographic name entry element Marriage
Geographic subdivision India.
650 #0 - SUBJECT ADDED ENTRY--TOPICAL TERM
Topical term or geographic name entry element Families
Geographic subdivision India.
650 #0 - SUBJECT ADDED ENTRY--TOPICAL TERM
Topical term or geographic name entry element Marriage counseling
Geographic subdivision India.

No items available.

Powered by Koha